|
|
|
|
| LEADER |
00000nam0a2200000 4500 |
| 001 |
122663 |
| 005 |
20231031130123.0 |
| 035 |
|
|
|a (RuTPU)RU\TPU\book\132797
|
| 090 |
|
|
|a 122663
|
| 100 |
|
|
|a 20071005d1966 k y0rusy50 ca
|
| 101 |
0 |
|
|a rus
|
| 102 |
|
|
|a RU
|
| 105 |
|
|
|a a z 001zy
|
| 200 |
1 |
|
|a Высокочастотная электродинамика. Основы математического аппарата
|f Б. З. Каценеленбаум
|
| 210 |
|
|
|a Москва
|c Наука
|d 1966
|
| 215 |
|
|
|a 240 с.
|c ил.
|
| 320 |
|
|
|a Библиогр.: с. 238.
|
| 320 |
|
|
|a Предметный указатель: с. 239-240.
|
| 610 |
1 |
|
|a электромагнитные волны
|
| 610 |
1 |
|
|a математические исследования
|
| 610 |
1 |
|
|a электродинамика
|
| 610 |
1 |
|
|a уравнения Максвелла
|
| 610 |
1 |
|
|a плоские волны
|
| 610 |
1 |
|
|a волноводы
|
| 610 |
1 |
|
|a сферические волны
|
| 610 |
1 |
|
|a квазиоптические линии
|
| 610 |
1 |
|
|a интегрирование
|
| 675 |
|
|
|a 538.5
|v 3
|
| 700 |
|
1 |
|a Каценеленбаум
|b Б. З.
|g Борис Захарович
|
| 801 |
|
1 |
|a RU
|b 63413507
|c 20071005
|g PSBO
|
| 801 |
|
2 |
|a RU
|b 63413507
|c 20150401
|g PSBO
|
| 942 |
|
|
|c BK
|